Marketing không cần quảng cáo : Bí quyết tạo dựng một doanh nghiệp trường tồn = Marketing without advertising
Để đạt được thành công trong kinh doanh, thay vì phải sử dụng các phương thức quảng cáo tốn kém, vô ích, hãy tập trung vào việc cung cấp các dịch vụ vượt trội nào đó, khách hàng sẽ tìm đến bạn. Marketing không cần quảng cáo sẽ cung cấp cho ba...
保存先:
| 第一著者: | |
|---|---|
| フォーマット: | 図書 |
| 言語: | Undetermined |
| 出版事項: |
Thành phố Hồ Chí Minh
Tổng hợp Thành phố Hồ Chí Minh
2010
|
| 主題: | |
| タグ: |
タグ追加
タグなし, このレコードへの初めてのタグを付けませんか!
|
| Thư viện lưu trữ: | Trung tâm Học liệu Trường Đại học Cần Thơ |
|---|
| LEADER | 01857nam a2200229Ia 4500 | ||
|---|---|---|---|
| 001 | CTU_160406 | ||
| 008 | 210402s9999 xx 000 0 und d | ||
| 020 | |c 86000 | ||
| 082 | |a 658.8 | ||
| 082 | |b Ph562 | ||
| 100 | |a Phillips, Michael | ||
| 245 | 0 | |a Marketing không cần quảng cáo : | |
| 245 | 0 | |b Bí quyết tạo dựng một doanh nghiệp trường tồn = Marketing without advertising | |
| 245 | 0 | |c Michael Phillips, Salli Rasberry ; Nguyễn Ngọc Sơn dịch | |
| 260 | |a Thành phố Hồ Chí Minh | ||
| 260 | |b Tổng hợp Thành phố Hồ Chí Minh | ||
| 260 | |c 2010 | ||
| 520 | |a Để đạt được thành công trong kinh doanh, thay vì phải sử dụng các phương thức quảng cáo tốn kém, vô ích, hãy tập trung vào việc cung cấp các dịch vụ vượt trội nào đó, khách hàng sẽ tìm đến bạn. Marketing không cần quảng cáo sẽ cung cấp cho bạn những chiến lược Marketing hiệu quả cao với chi phí vô cùng khiêm tốn, giúp bạn: Thu hút khách hàng quay trở lại, Tận dụng tối đa lợi thế của Internet, Thu hút sự quan tâm của giới truyền thông, Khuyến khích khách hàng truyền tải những thông điệp tích cực về doanh nghiệp của bạn,... Hãy để quyển sách này giúp bạn biến những điều không thể thành có thể... | ||
| 650 | |a Internet Marketing,Services industries,Professions,Tiếp thị trên Internet,Ngành dịch vụ,Ngành nghề | ||
| 650 | |x Marketing,Marketing,Tiếp thị,Tiếp thị | ||
| 904 | |i Linh Cát, Trọng Hiếu | ||
| 980 | |a Trung tâm Học liệu Trường Đại học Cần Thơ | ||